[Event "Olimpiade 2014 - Open"]
[Site "Tromsø"]
[Date "10.08.2014"]
[Round "8.49"]
[Board "1"]
[White "Haddouche, Mohamed"]
[Black "Sanches, Romario"]
[Result "1-0"]
[WhiteTitle "GM"]
[BlackTitle "CM"]
[WhiteElo "2508"]
[BlackElo "2083"]
[WhiteTeam "Algeria"]
[BlackTeam "Surinam"]
[WhiteFideId "7900660"]
[BlackFideId "8200211"]
[EventDate "2014.08.02"]

1. Nf3 c5 2. e4 d6 3. c3 Nf6 4. Be2 Bd7 5. d3 g6 6. O-O Bg7 7. Nbd2 Nc6 8. Re1
O-O 9. Bf1 e5 10. a3 a5 11. a4 Kh8 12. Nc4 Bg4 13. h3 Bxf3 14. Qxf3 Ne8 15. g3
f5 16. exf5 gxf5 17. Bg2 Rb8 18. Qh5 Ne7 19. f4 Ng6 20. Qf3 Qc7 21. h4 Ne7 22.
Qe2 e4 23. dxe4 fxe4 24. Qxe4 d5 25. Qxe7 Qxe7 26. Rxe7 dxc4 27. Be3 b6 28. Bf1
Nd6 29. Bf2 Rfe8 30. Rxe8+ Rxe8 31. Rd1 Bf8 32. Rd5 Ne4 33. Bxc4 Nxf2 34. Kxf2
Bg7 35. Bb5 Rf8 36. Kf3 Bf6 37. Rd7 h6 38. Rb7 Bd8 39. Bd3 Rf6 40. Rd7 Rf8 41.
Rh7+ Kg8 42. Rxh6 Bf6 43. Rh5 Rd8 44. Rd5 1-0

[Event "Olimpiade 2014 - Open"]
[Site "Tromsø"]
[Date "10.08.2014"]
[Round "8.49"]
[Board "2"]
[White "Matoewi, Roger"]
[Black "Bengherabi, Khalil"]
[Result "1-0"]
[WhiteTitle "FM"]
[BlackTitle "FM"]
[WhiteElo "2121"]
[BlackElo "2170"]
[WhiteTeam "Surinam"]
[BlackTeam "Algeria"]
[WhiteFideId "8200084"]
[BlackFideId "7900325"]
[EventDate "2014.08.02"]

1. e4 c5 2. Nc3 Nc6 3. g3 g6 4. Bg2 Bg7 5. f4 d6 6. d3 e6 7. Nf3 Nge7 8. Be3 Nd4
9. Qd2 Rb8 10. Nd1 b5 11. O-O b4 12. Nh4 O-O 13. c3 bxc3 14. bxc3 Nb5 15. Rb1
Bd7 16. a4 Nc7 17. Rxb8 Qxb8 18. a5 Na6 19. g4 f5 20. gxf5 gxf5 21. exf5 Nxf5
22. Nxf5 Rxf5 23. Be4 Rf7 24. d4 d5 25. Bc2 Bh6 26. Kh1 c4 27. f5 Bg7 28. Bf4
Qd8 29. Bg5 Qf8 30. f6 Qd8 31. Qg2 Bf8 32. Bh4+ Kh8 33. Rg1 Bh6 34. Qg7+ Bxg7
35. fxg7+ Rxg7 36. Bxd8 Rxg1+ 37. Kxg1 Kg7 38. Kf2 Nb8 39. Bc7 Nc6 40. Ba4 a6
41. Bxc6 Bxc6 42. Kg3 Kf6 43. Kf4 Be8 44. Bd8+ Kf7 45. Ke5 Ba4 46. Ne3 Ke8 47.
Bh4 Kf7 48. Kd6 h5 49. Nf1 Bd1 50. Ng3 Bg4 51. Bg5 Kg6 52. h4 Kf7 53. Nf1 Bd1
54. Ne3 Ba4 55. Bf4 Bb3 56. Be5 Ba4 57. Ng2 Bd1 58. Nf4 Bg4 59. Kc6 1-0

[Event "Olimpiade 2014 - Open"]
[Site "Tromsø"]
[Date "10.08.2014"]
[Round "8.49"]
[Board "3"]
[White "Belouadah, Saad"]
[Black "Hanoeman, Suradj"]
[Result "1-0"]
[WhiteTitle "IM"]
[BlackTitle "CM"]
[WhiteElo "2320"]
[BlackElo "2024"]
[WhiteTeam "Algeria"]
[BlackTeam "Surinam"]
[WhiteFideId "7900856"]
[BlackFideId "8200173"]
[EventDate "2014.08.02"]

1. d4 Nf6 2. Bf4 e6 3. e3 c5 4. Nf3 Qb6 5. Qc1 Nc6 6. c3 h6 7. Nbd2 d5 8. h3 Be7
9. Bd3 O-O 10. O-O Nh5 11. Bh2 Bd7 12. Ne5 Nf6 13. Rb1 Rac8 14. Qd1 Rfd8 15. f4
cxd4 16. exd4 Nxd4 17. cxd4 Qxd4+ 18. Kh1 Ne4 19. Ndf3 Nf2+ 20. Rxf2 Qxf2 21.
Bg1 Qg3 22. Qd2 Bc5 23. Nd4 Bxd4 24. Bxd4 Qh4 25. Bxa7 Bc6 26. Bb6 Re8 27. b4 f6
28. Bf2 Qxf2 29. Qxf2 fxe5 30. fxe5 Re7 31. Qb6 Be8 32. Rf1 Rcc7 33. Qd6 1-0

[Event "Olimpiade 2014 - Open"]
[Site "Tromsø"]
[Date "10.08.2014"]
[Round "8.49"]
[Board "4"]
[White "Giasi, Viresh"]
[Black "Nassr, Ali"]
[Result "1/2-1/2"]
[BlackTitle "IM"]
[WhiteElo "1929"]
[BlackElo "2145"]
[WhiteTeam "Surinam"]
[BlackTeam "Algeria"]
[WhiteFideId "8200165"]
[BlackFideId "7900520"]
[EventDate "2014.08.02"]

1. e4 c5 2. Nc3 Nc6 3. g3 d6 4. Bg2 Nf6 5. Nge2 e6 6. d3 Be7 7. O-O O-O 8. h3 d5
9. f4 a6 10. g4 d4 11. Nb1 e5 12. f5 Ne8 13. Nd2 Nd6 14. Nf3 h6 15. Bd2 c4 16.
Ng3 Kh7 17. Kf2 Bh4 18. g5 hxg5 19. Nxh4 gxh4 20. Qh5+ Kg8 21. Ne2 g6 22. Qh6
Qf6 23. Bf3 cxd3 24. cxd3 Nxf5 25. exf5 Bxf5 26. Ke1 Qh8 27. Bxc6 1/2-1/2

[Event "Olimpiade 2014 - Open"]
[Site "Tromsø"]
[Date "10.08.2014"]
[Round "8.50"]
[Board "1"]
[White "Ahmed, Ashraf"]
[Black "Baules, Jorge"]
[Result "0-1"]
[WhiteTitle "FM"]
[BlackTitle "IM"]
[WhiteElo "1817"]
[BlackElo "2317"]
[WhiteTeam "Maldives"]
[BlackTeam "Panama"]
[WhiteFideId "16700031"]
[BlackFideId "6600247"]
[EventDate "2014.08.02"]

1. e4 c5 2. Nf3 d6 3. Bc4 e6 4. Nc3 Nc6 5. d4 cxd4 6. Nxd4 Nf6 7. O-O Be7 8.
Nxc6 bxc6 9. Re1 O-O 10. e5 dxe5 11. Qxd8 Rxd8 12. Rxe5 Nd5 13. Nxd5 cxd5 14.
Bb3 a5 15. c3 a4 16. Bc2 a3 17. bxa3 Bf6 18. Bg5 Bxe5 19. Bxd8 Bxc3 20. Rb1 Ba6
21. Bc7 Be2 22. a4 f6 23. Bb6 Ra6 24. Bc5 f5 25. Rb6 Kf7 26. Rxa6 Bxa6 27. f3
Kf6 28. Kf2 e5 29. Bd1 d4 30. Be2 Bxe2 31. Kxe2 Ke6 32. Bb6 Kd5 33. a5 e4 34.
fxe4+ fxe4 35. a4 Kc6 36. g4 Kb7 37. h4 Ka6 38. Bc7 g6 39. h5 Bxa5 40. Be5 Bb6 0-1

[Event "Olimpiade 2014 - Open"]
[Site "Tromsø"]
[Date "10.08.2014"]
[Round "8.50"]
[Board "2"]
[White "Sanchez, Jorge"]
[Black "Mohamed, Hassan MDV"]
[Result "1-0"]
[WhiteTitle "FM"]
[BlackTitle "CM"]
[WhiteElo "2090"]
[BlackElo "1830"]
[WhiteTeam "Panama"]
[BlackTeam "Maldives"]
[WhiteFideId "6600280"]
[BlackFideId "16700058"]
[EventDate "2014.08.02"]

1. e4 c6 2. d4 d5 3. Nc3 dxe4 4. Nxe4 Bf5 5. Ng3 Bg6 6. h4 h6 7. Bc4 e6 8. N1e2
Bd6 9. Nf4 Ne7 10. Nxg6 Nxg6 11. Ne4 Bf8 12. h5 Nh4 13. Qg4 Nf5 14. c3 Nd7 15.
Bf4 Nf6 16. Nxf6+ Qxf6 17. O-O-O Bd6 18. Bd2 Ne7 19. Rh3 Nf5 20. Re1 O-O-O 21.
Qe4 Bc7 22. Rf3 Nd6 23. Rxf6 Nxe4 24. Rxf7 Nxd2 25. Bxe6+ Kb8 26. Kxd2 Rhf8 27.
f3 Bf4+ 28. Kd3 Rxf7 29. Bxf7 Kc7 30. Re4 Bg5 31. f4 Bf6 32. g4 Rd7 33. Bb3 Re7
34. Rxe7+ Bxe7 35. Ke4 Kd7 36. Kf5 Bd6 37. c4 Ke7 38. c5 Bc7 39. Bc4 a5 40. a3
Bb8 41. b4 axb4 42. axb4 Bc7 43. Bd3 Bb8 44. b5 cxb5 45. Bxb5 Ba7 46. Kg6 Bb8
47. f5 Kf8 48. f6 gxf6 49. Kxf6 Bf4 50. d5 Be3 51. c6 Bf4 52. cxb7 1-0

[Event "Olimpiade 2014 - Open"]
[Site "Tromsø"]
[Date "10.08.2014"]
[Round "8.50"]
[Board "3"]
[White "Ibarhim, Firaq"]
[Black "Aizpurua, Patrick"]
[Result "0-1"]
[BlackTitle "FM"]
[WhiteElo "1532"]
[BlackElo "2172"]
[WhiteTeam "Maldives"]
[BlackTeam "Panama"]
[WhiteFideId "16700120"]
[BlackFideId "6600522"]
[EventDate "2014.08.02"]

1. e4 e6 2. d4 d5 3. Nc3 Bb4 4. Bd3 dxe4 5. Bxe4 Nf6 6. Bg5 h6 7. Bxf6 Qxf6 8.
Ne2 O-O 9. O-O Rd8 10. Qc1 Nd7 11. a3 Ba5 12. Nd1 c5 13. d5 Qe5 14. dxe6 Qxe4
15. exd7 Qxe2 16. dxc8=Q Raxc8 17. c3 Rd2 18. Rb1 c4 19. Ne3 Bb6 20. Qe1 Bxe3
21. Qxe2 Rxe2 22. fxe3 Rxe3 23. Rf2 Rd8 24. h3 f6 25. Rbf1 h5 26. Rf5 Re2 27.
R1f2 Rdd2 28. Rxe2 Rxe2 29. Rf2 Re1+ 30. Kh2 Kf7 31. Kg3 g5 32. Rd2 Ke6 33. Kf2
Re5 34. Rd4 Rd5 35. Re4+ Kf5 36. Re2 h4 37. Kf3 Rd3+ 38. Kf2 Kf4 39. Rc2 f5 40.
Re2 Rd5 41. Rc2 g4 42. hxg4 fxg4 43. g3+ hxg3+ 44. Kg2 Rd3 45. Re2 Rf3 46. Re8
Rf2+ 47. Kg1 Rxb2 48. Rf8+ Ke4 49. Rg8 g2 50. Kh2 Kd3 51. Rxg4 Kxc3 52. Rg3+ Kc2
53. Kg1 c3 54. Kxg2 Kb1+ 0-1

[Event "Olimpiade 2014 - Open"]
[Site "Tromsø"]
[Date "10.08.2014"]
[Round "8.51"]
[Board "1"]
[White "Chipanga, Chiletso"]
[Black "Arias, Lemnys A."]
[Result "0-1"]
[WhiteTitle "CM"]
[BlackTitle "IM"]
[WhiteElo "2060"]
[BlackElo "2329"]
[WhiteTeam "Malawi"]
[BlackTeam "El Salvador"]
[WhiteFideId "16400119"]
[BlackFideId "6700284"]
[EventDate "2014.08.02"]

1. e4 c5 2. f4 d5 3. exd5 Nf6 4. Bb5+ Nbd7 5. Nf3 Nxd5 6. O-O a6 7. Bxd7+ Bxd7
8. Ne5 e6 9. c4 Nb4 10. d4 cxd4 11. f5 exf5 12. Re1 Be7 13. a3 Nc6 14. Nxd7 Qxd7
15. Bf4 O-O 16. Nc3 Bd6 17. Bxd6 Qxd6 18. Nd5 Rae8 19. Qf3 Re5 20. Rxe5 Qxe5 21.
Qb3 Rb8 22. g3 b5 23. c5 Rd8 24. Nb4 Qxc5 25. Nd3 Qc4 26. Qd1 Qe6 27. Qf1 Qe3+
28. Kg2 Ne5 29. Re1 Qxd3 30. Rxe5 Qc2+ 31. Re2 Qc6+ 32. Kg1 d3 33. Rd2 Qe4 34.
Qf4 Rc8 35. Kf2 h6 0-1

[Event "Olimpiade 2014 - Open"]
[Site "Tromsø"]
[Date "10.08.2014"]
[Round "8.51"]
[Board "2"]
[White "Burgos Figueroa, Carlos E."]
[Black "Chimthere, Alfred Charles"]
[Result "1-0"]
[WhiteTitle "IM"]
[WhiteElo "2258"]
[BlackElo "2017"]
[WhiteTeam "El Salvador"]
[BlackTeam "Malawi"]
[WhiteFideId "6700187"]
[BlackFideId "16400046"]
[EventDate "2014.08.02"]

1. e4 c6 2. d4 d5 3. exd5 cxd5 4. Bd3 Nf6 5. c3 Qc7 6. Ne2 e6 7. Bf4 Bd6 8. Bxd6
Qxd6 9. Nd2 O-O 10. O-O Nc6 11. f4 Ne7 12. Ng3 Nf5 13. Nh5 Ne8 14. Qf3 Qd8 15.
g4 Nfd6 16. g5 Nf5 17. Qf2 g6 18. Ng3 h5 19. Nf3 Neg7 20. Ne5 Bd7 21. Rae1 Rc8
22. Re2 Bc6 23. Rfe1 Qa5 24. a3 Bb5 25. Nxf5 Nxf5 26. Bxf5 exf5 27. Re3 Kg7 28.
Qf3 Rcd8 29. Qf2 Qa6 30. Nf3 Bd3 31. Re7 Be4 32. Ne5 Rde8 33. Rxe8 Rxe8 34. Qe2
Qxe2 35. Rxe2 Rd8 36. h4 Rd6 37. Kf2 b5 38. Ke3 a5 39. Nd3 a4 40. Nc5 Rd8 41.
Kd2 Rh8 42. Kc1 f6 43. gxf6+ Kxf6 44. b3 axb3 45. Kb2 g5 46. fxg5+ Ke7 47. Rf2
Rb8 48. Nxb3 Rb6 49. Nc1 Rb8 50. Ne2 Rh8 51. Nf4 Kd6 52. Rf1 Kd7 53. Rg1 Kd6 54.
g6 Bf3 55. Rg5 Bg4 56. g7 Rg8 57. Kb3 Ke7 58. Nxd5+ Kf7 59. Kb4 Rxg7 60. Rxg7+
Kxg7 61. Nf4 1-0

[Event "Olimpiade 2014 - Open"]
[Site "Tromsø"]
[Date "10.08.2014"]
[Round "8.51"]
[Board "3"]
[White "Nyambalo, Joseph Xavier"]
[Black "Chavez, Ricardo Ernesto"]
[Result "0-1"]
[WhiteTitle "CM"]
[BlackTitle "FM"]
[WhiteElo "2115"]
[BlackElo "2165"]
[WhiteTeam "Malawi"]
[BlackTeam "El Salvador"]
[WhiteFideId "20500041"]
[BlackFideId "6700098"]
[EventDate "2014.08.02"]

1. Nf3 g6 2. d4 Bg7 3. c4 d6 4. Nc3 Nf6 5. e4 O-O 6. h3 e5 7. d5 a5 8. Bd3 Na6
9. a3 Nh5 10. O-O Nf4 11. Bxf4 exf4 12. Qd2 Nc5 13. Bc2 Qf6 14. Rab1 g5 15. Nh2
h5 16. Ne2 Nd7 17. h4 Bh6 18. hxg5 Qxg5 19. Nf3 Qg7 20. Qc3 Ne5 21. Ned4 Kh8 22.
Kh1 Rg8 23. Rg1 Qf6 24. Nf5 Rg4 25. Rbe1 Bd7 26. c5 Rag8 27. Bb1 Bf8 28. Nh2
Bxf5 29. exf5 Rh4 30. g3 Rh3 31. Re4 Bh6 32. cxd6 cxd6 33. Qe1 Rxh2+ 34. Kxh2
Nf3+ 35. Kg2 Nxe1+ 36. Rgxe1 fxg3 37. f3 Qxb2+ 38. R4e2 Qd4 39. Be4 h4 40. Rh1
Bg5 41. Rc2 Bf6 42. Rb1 b5 43. Ra2 b4 44. axb4 axb4 45. Re2 b3 46. Rh1 Ra8 47.
Bb1 Qxd5 48. Rhe1 Ra2 0-1

[Event "Olimpiade 2014 - Open"]
[Site "Tromsø"]
[Date "10.08.2014"]
[Round "8.53"]
[Board "1"]
[White "Pascoal, Eduardo A"]
[Black "Blijstra, Wim"]
[Result "1/2-1/2"]
[WhiteTitle "FM"]
[WhiteElo "2181"]
[BlackElo "2201"]
[WhiteTeam "Angola"]
[BlackTeam "Netherlands Antilles"]
[WhiteFideId "10100326"]
[BlackFideId "1018000"]
[EventDate "2014.08.02"]

1. Nf3 c5 2. e3 Nf6 3. d4 e6 4. c4 d5 5. Nc3 Nc6 6. a3 a6 7. dxc5 Bxc5 8. b4 Be7
9. Bb2 O-O 10. Qb3 dxc4 11. Qxc4 e5 12. Rd1 Qe8 13. Ne4 Be6 14. Nxf6+ Bxf6 15.
Qe4 g6 16. Qb1 Rd8 17. Be2 Rxd1+ 18. Qxd1 Qe7 19. Qa1 Bd5 20. O-O Rd8 21. Rd1
Kg7 22. h3 e4 23. Bxf6+ Qxf6 24. Qxf6+ Kxf6 25. Nd2 Ke5 26. f4+ exf3 27. gxf3 g5
28. Kf2 Be6 29. Ne4 h6 30. Rc1 Bxh3 31. Rh1 Bf5 32. Nc5 Rd2 33. Rxh6 Nd8 34. e4
Bg6 35. Rh8 Nc6 36. Ke3 Ra2 37. Re8+ Kf6 38. Nxb7 Rxa3+ 39. Kd2 Nxb4 40. Nc5
Ra2+ 41. Kd1 Nc2 42. Nd7+ Kg7 43. Ne5 Ne3+ 44. Ke1 Ng2+ 45. Kf1 Bh5 46. Ra8 a5
47. Ra7 Kf6 48. Nd7+ Kg7 49. Ne5 Nf4 50. Bc4 Ra1+ 51. Kf2 a4 52. Nxf7 Bxf7 53.
Rxf7+ Kg6 54. Ra7 a3 55. Ra6+ Kg7 56. Ke3 Ng2+ 57. Kf2 Nf4 1/2-1/2

[Event "Olimpiade 2014 - Open"]
[Site "Tromsø"]
[Date "10.08.2014"]
[Round "8.53"]
[Board "2"]
[White "Maduro, Sherman"]
[Black "Domingos, Catarino"]
[Result "0-1"]
[WhiteTitle "CM"]
[BlackTitle "FM"]
[WhiteElo "1993"]
[BlackElo "2280"]
[WhiteTeam "Netherlands Antilles"]
[BlackTeam "Angola"]
[WhiteFideId "7500122"]
[BlackFideId "10100253"]
[EventDate "2014.08.02"]

1. d4 Nf6 2. c4 e6 3. Nf3 b6 4. g3 Ba6 5. Qc2 Bb7 6. Nc3 c5 7. dxc5 Bxc5 8. Bg2
O-O 9. O-O Be7 10. Rd1 Qc8 11. b3 a6 12. Bb2 Qc7 13. Rac1 d6 14. e4 Nbd7 15. Qe2
Rac8 16. Re1 Rfd8 17. Nd2 Bf8 18. Nd1 Qb8 19. Ne3 Qa8 20. Ng4 Nxg4 21. Qxg4 e5
22. Bh3 Rc7 23. Qe2 Nc5 24. f3 g6 25. Nb1 Ne6 26. Qf2 Bh6 27. Rc2 b5 28. Bxe6
fxe6 29. Bc1 Bf8 30. Be3 Rdc8 31. Rec1 bxc4 32. bxc4 Bc6 33. Nd2 Be8 34. Rb1 Rb7
35. Rcb2 Rxb2 36. Rxb2 Qc6 37. Qe1 Qa4 38. Qb1 Qd7 39. Rb7 Qd8 40. Qb6 Qxb6 41.
Rxb6 a5 42. Ra6 a4 43. Kf2 Rc7 44. Ra8 Kf7 45. Ra7 Rxa7 46. Bxa7 Ke7 47. Ke2 Kd7
48. Kd3 Kc6 49. Nb1 d5 50. cxd5+ exd5 51. exd5+ Kxd5 52. Nc3+ Ke6 53. Bb8 g5 54.
g4 Be7 55. Ba7 Bc6 56. Ke3 h6 57. Bb6 Bb4 58. Ne4 Kd5 59. Bc7 a3 60. Nf6+ Ke6
61. Ne4 Bd5 62. Bb6 Bxa2 63. Nc5+ Kd5 64. Nd3 Bd6 65. Ba5 Bb1 66. Nb4+ Kc4 0-1

[Event "Olimpiade 2014 - Open"]
[Site "Tromsø"]
[Date "10.08.2014"]
[Round "8.53"]
[Board "3"]
[White "Agnelo, Amorim"]
[Black "Izijk, Jimmy"]
[Result "0-1"]
[WhiteTitle "IM"]
[WhiteElo "2225"]
[BlackElo "2026"]
[WhiteTeam "Angola"]
[BlackTeam "Netherlands Antilles"]
[WhiteFideId "10100180"]
[BlackFideId "7500041"]
[EventDate "2014.08.02"]

1. d4 d5 2. c4 c6 3. Nc3 e6 4. Nf3 Nf6 5. e3 Bd6 6. Bd3 Nbd7 7. O-O O-O 8. e4
dxe4 9. Nxe4 Nxe4 10. Bxe4 e5 11. dxe5 Nxe5 12. Nxe5 Bxe5 13. Bxh7+ Kxh7 14.
Qh5+ Kg8 15. Qxe5 Re8 16. Qc3 Bf5 17. Be3 Qh4 18. Rad1 Re6 19. Rd4 Qh5 20. Bf4
Rae8 21. Bg3 Re2 22. Rd2 Qh6 23. Rxe2 Rxe2 24. Qf3 Qe6 25. Qc3 Rc2 26. Qa5 Rxc4
27. h3 a6 28. Rd1 Qg6 29. b3 Re4 30. Qc7 Be6 31. Qxb7 Bd5 32. Qxa6 Qe6 33. Qa5
Re2 34. Rd4 Re1+ 35. Kh2 Rh1+ 0-1

[Event "Olimpiade 2014 - Open"]
[Site "Tromsø"]
[Date "10.08.2014"]
[Round "8.54"]
[Board "1"]
[White "Kulpruethanon, Thanadon"]
[Black "Hasford, John Kojo"]
[Result "1-0"]
[WhiteElo "2143"]
[BlackElo "2055"]
[WhiteTeam "Thailand"]
[BlackTeam "Ghana"]
[WhiteFideId "6201610"]
[BlackFideId "12600083"]
[EventDate "2014.08.02"]

1. Nf3 Nf6 2. g3 d5 3. Bg2 e6 4. O-O Be7 5. c4 O-O 6. d4 c6 7. Qc2 Nbd7 8. Nbd2
b6 9. e4 dxe4 10. Nxe4 Bb7 11. Rd1 Qc8 12. Nc3 Qc7 13. Ng5 Rfe8 14. Bf4 Bd6 15.
Bxd6 Qxd6 16. c5 Qe7 17. b4 g6 18. Nge4 Nd5 19. Nxd5 cxd5 20. Nd6 Reb8 21. Qd2
Nf6 22. Rac1 Rd8 23. Qg5 Kg7 24. Re1 Rxd6 25. cxd6 Qxd6 26. Qe5 Qxe5 27. dxe5
Ne8 28. Bf1 a6 29. f4 Kf8 30. Kf2 Ke7 31. Rc2 Rd8 32. Rec1 Rd7 33. Ke3 Kd8 34.
Kd4 h5 35. Bd3 Nc7 36. a4 Ne8 37. h3 Ng7 38. g4 Re7 39. Be2 h4 40. Bd3 Rd7 41.
Rf2 Ke8 42. f5 gxf5 43. gxf5 Kd8 44. f6 Nh5 45. Rg2 Ng3 46. Rxg3 hxg3 47. h4 Ke8
48. Rg1 Rd8 49. h5 Kd7 50. h6 Rg8 51. h7 Rg4+ 52. Kc3 d4+ 53. Kb2 Rh4 54. Rxg3
Rh2+ 55. Kb3 Bd5+ 56. Bc4 Rxh7 57. Bxd5 exd5 58. Rg8 Rh3+ 59. Kc2 Rc3+ 60. Kd2
Rc4 61. Rf8 Ke6 62. Re8+ Kf5 63. b5 Rxa4 64. bxa6 Rxa6 65. Kd3 b5 66. Kxd4 Re6
67. Re7 b4 68. Rxf7 Rb6 69. Re7 Kg6 70. Rg7+ Kh6 71. Rg2 b3 72. f7 1-0

[Event "Olimpiade 2014 - Open"]
[Site "Tromsø"]
[Date "10.08.2014"]
[Round "8.54"]
[Board "2"]
[White "Anquandah, Francis Eric"]
[Black "Kongsee, Uaychai"]
[Result "0-1"]
[WhiteElo "1963"]
[BlackElo "2251"]
[WhiteTeam "Ghana"]
[BlackTeam "Thailand"]
[WhiteFideId "12600148"]
[BlackFideId "6200346"]
[EventDate "2014.08.02"]

1. e4 c5 2. Nf3 Nc6 3. d4 cxd4 4. Nxd4 e5 5. Nb3 Nf6 6. Bc4 Bb4+ 7. c3 Be7 8. f3
O-O 9. Be3 a6 10. a4 d6 11. O-O Be6 12. Bd5 Nh5 13. Qd2 Nf4 14. Na3 Bg5 15. Nc4
Bxd5 16. exd5 Ne7 17. Nb6 Nf5 18. Nxa8 Nxe3 19. Rf2 Nexg2 20. Qc2 Nh4 21. Kh1
Qxa8 22. Nd2 f5 23. c4 Qa7 24. c5 Rc8 25. b4 a5 26. Nc4 axb4 27. c6 b3 28. cxb7
Qxb7 29. Qd1 Rxc4 30. a5 b2 31. Rb1 Rc1 32. Rxc1 bxc1=Q 33. Qxc1 Nd3 34. Qxg5
Qb1+ 0-1

[Event "Olimpiade 2014 - Open"]
[Site "Tromsø"]
[Date "10.08.2014"]
[Round "8.54"]
[Board "4"]
[White "Thompson, Edward Nii Lamptey"]
[Black "Thanarotrung, Ratchaphon"]
[Result "1-0"]
[WhiteElo "1854"]
[BlackElo "1951"]
[WhiteTeam "Ghana"]
[BlackTeam "Thailand"]
[WhiteFideId "12600113"]
[BlackFideId "6201059"]
[EventDate "2014.08.02"]

1. e4 e5 2. Nf3 Nc6 3. Bb5 a6 4. Ba4 d6 5. c3 Bd7 6. O-O g6 7. d4 Bg7 8. Bxc6
Bxc6 9. Qc2 Ne7 10. Nbd2 O-O 11. Qb3 b6 12. Re1 Bd7 13. dxe5 dxe5 14. Nf1 Bg4
15. Ng5 h6 16. h3 Bd7 17. Nf3 Bc6 18. Ng3 Qe8 19. a4 a5 20. Qc2 Nc8 21. b3 Nd6
22. Ba3 Qe6 23. Rad1 Rfd8 24. Bc1 Rd7 25. c4 Nb7 26. Rxd7 Bxd7 27. Be3 Nc5 28.
Nd2 Na6 29. Nb1 Rb8 30. Nc3 c6 31. Rd1 Be8 32. Qd2 Kh7 33. f4 exf4 34. Bxf4 Rb7
35. Nge2 Rd7 36. Qe3 Rxd1+ 37. Nxd1 Nc5 38. Nf2 Qd7 39. e5 Bf8 40. Ng4 Qd1+ 41.
Kh2 Be7 42. Nf6+ Bxf6 43. exf6 Qd8 44. Be5 Qd3 45. Qxd3 Nxd3 46. Bc7 b5 47. axb5
cxb5 48. cxb5 Bxb5 49. Bxa5 Nc5 50. Nd4 Bd7 51. b4 Nb7 52. Bc7 g5 53. Nf3 Kg8
54. Kg3 Be8 55. h4 Kh7 56. Ne5 Bb5 57. hxg5 hxg5 58. Kg4 Kh6 59. Kf5 Be8 60. g4 1-0

[Event "Olimpiade 2014 - Open"]
[Site "Tromsø"]
[Date "10.08.2014"]
[Round "8.55"]
[Board "1"]
[White "Efimov, Igor"]
[Black "Emojong, Elijah"]
[Result "1-0"]
[WhiteTitle "GM"]
[BlackTitle "IM"]
[WhiteElo "2408"]
[BlackElo "2334"]
[WhiteTeam "Monaco"]
[BlackTeam "Uganda"]
[WhiteFideId "806404"]
[BlackFideId "10000402"]
[EventDate "2014.08.02"]

1. d4 Nf6 2. Bg5 e6 3. Nd2 h6 4. Bh4 c5 5. e3 cxd4 6. exd4 Be7 7. Bd3 O-O 8.
Ngf3 b6 9. O-O Bb7 10. Re1 Nc6 11. c3 Nh5 12. Bxe7 Nxe7 13. c4 d5 14. c5 bxc5
15. dxc5 Nf4 16. Bf1 a5 17. Nb3 Nc6 18. Nbd4 Qf6 19. Nxc6 Bxc6 20. Ne5 Rfc8 21.
Qf3 Qf5 22. Rad1 Be8 23. Rd4 Nh5 24. Qe3 Qc2 25. Nd3 Bb5 26. Rc1 Bxd3 27. Rxc2
Bxc2 28. Qc3 Be4 29. f3 Bg6 30. Ra4 Nf6 31. Rxa5 Rab8 32. c6 d4 33. Qxd4 Rxc6
34. Bc4 Nd5 35. b3 Rbc8 36. h3 Nb6 37. Ra6 e5 38. Qxe5 Nxc4 39. Rxc6 Nxe5 40.
Rxc8+ Kh7 41. a4 Nd3 42. a5 Nb4 43. Rb8 Nc6 44. a6 Bd3 45. Rb6 Na7 46. Rb7 Nc8
47. a7 1-0

[Event "Olimpiade 2014 - Open"]
[Site "Tromsø"]
[Date "10.08.2014"]
[Round "8.55"]
[Board "2"]
[White "Ssegwanyi, Arthur"]
[Black "Van Hoolandt, Patrick"]
[Result "0-1"]
[BlackTitle "FM"]
[WhiteElo "2299"]
[BlackElo "2236"]
[WhiteTeam "Uganda"]
[BlackTeam "Monaco"]
[WhiteFideId "10000100"]
[BlackFideId "200999"]
[EventDate "2014.08.02"]

1. e4 e5 2. Nf3 Nc6 3. d4 exd4 4. Bc4 Nf6 5. e5 d5 6. Bb5 Ne4 7. Nxd4 Bd7 8.
Bxc6 bxc6 9. O-O Bc5 10. Be3 Qe7 11. f3 Nd6 12. Re1 Nf5 13. Bf2 O-O 14. Nc3 Rab8
15. Qd2 Nxd4 16. Bxd4 Rxb2 17. Re2 Bf5 18. Rc1 Rfb8 19. g4 h5 20. Bxc5 Qxc5+ 21.
Kf1 hxg4 22. Na4 Qb5 23. Qf4 gxf3 24. Qxf3 Be4 25. Qa3 Rxc2 26. Rxc2 Bxc2 27.
Nc3 Qc4 28. Kf2 Qh4+ 29. Kg1 Qd4+ 30. Kg2 Bd3 31. Re1 Re8 32. e6 fxe6 33. Kh1
Qh4 34. Re3 Qf2 35. Rg3 Qf1+ 0-1

[Event "Olimpiade 2014 - Open"]
[Site "Tromsø"]
[Date "10.08.2014"]
[Round "8.55"]
[Board "3"]
[White "Nelis, Jean-Francois"]
[Black "Wanyama, Harold"]
[Result "0-1"]
[BlackTitle "FM"]
[WhiteElo "2224"]
[BlackElo "2244"]
[WhiteTeam "Monaco"]
[BlackTeam "Uganda"]
[WhiteFideId "623830"]
[BlackFideId "10000380"]
[EventDate "2014.08.02"]

1. e4 c5 2. Nf3 e6 3. d3 Nc6 4. g3 g6 5. Bg5 Qb6 6. Nbd2 Qxb2 7. Rb1 Qg7 8. Bg2
h6 9. Be3 Nf6 10. Nc4 d5 11. exd5 Nxd5 12. Bd2 Nc3 13. Qc1 Nxb1 14. Qxb1 Be7 15.
O-O O-O 16. Re1 Rd8 17. h4 Bf8 18. Nfe5 Nxe5 19. Nxe5 f6 20. Ng4 h5 21. Ne3 Rb8
22. a4 b6 23. Qb3 Kh7 24. Bc3 Qf7 25. g4 Bh6 26. gxh5 gxh5 27. Be4+ Kh8 28. Nf5
Bf4 29. Ng3 Rg8 30. Kh2 Bd7 31. Qc4 Rg4 32. d4 cxd4 33. Qxd4 e5 34. Qd3 Rbg8 35.
Rg1 Rxh4+ 36. Kg2 Rh3 37. Kf1 h4 38. Bf5 Be6 39. Bxh3 Bc4 40. Ne2 Bxd3 0-1

[Event "Olimpiade 2014 - Open"]
[Site "Tromsø"]
[Date "10.08.2014"]
[Round "8.55"]
[Board "4"]
[White "Ssonko, Mathias Allan"]
[Black "Ribbegren, Karl Johan"]
[Result "1-0"]
[WhiteElo "2138"]
[BlackElo "2211"]
[WhiteTeam "Uganda"]
[BlackTeam "Monaco"]
[WhiteFideId "10001301"]
[BlackFideId "5400040"]
[EventDate "2014.08.02"]

1. e4 c5 2. Nc3 e6 3. f4 a6 4. Nf3 Nc6 5. g3 d5 6. Bg2 d4 7. Ne2 d3 8. cxd3 Qxd3
9. O-O Nf6 10. e5 Nd5 11. Ne1 Qg6 12. d3 f5 13. exf6 Nxf6 14. f5 exf5 15. Nf4
Qf7 16. Bxc6+ bxc6 17. Nf3 Qd7 18. Re1+ Be7 19. Ne6 Rg8 20. Bf4 Nd5 21. Nxc5 Qa7
22. Bd6 Kd8 23. Bxe7+ Nxe7 24. d4 Rb8 25. Ne5 g6 26. Qf3 Rb6 27. Qf4 Nd5 28.
Qg5+ Kc7 29. Rac1 Kb8 30. Na4 Ka8 31. Nxb6+ Qxb6 32. Qd2 Bb7 33. Rc4 Rd8 34.
Rec1 Ne7 35. b4 Rd5 36. Qf2 Nc8 37. Nxc6 Nd6 38. Qf4 g5 39. Qxg5 Bxc6 40. Rxc6
Qxd4+ 41. Kg2 Qe4+ 42. Kh3 Ka7 43. Rc7+ Kb6 44. a4 Qxb4 45. R7c6+ Ka5 46. Qd8+
Kxa4 47. Ra1+ 1-0